| 000 | 00520ntaaa2200193 4500 | ||
|---|---|---|---|
| 003 | 01 | ||
| 005 | 20251027202806.0 | ||
| 008 | 0714s1973 ag 01 | ||
| 040 |
_aAR-BaBN _bspa _cAR-BaBN _eaacr _dRIC |
||
| 082 | _a861.0000 Z7 | ||
| 100 |
_aZorrilla y Moral, José _928198 |
||
| 245 | _aDon Juan Tenorio seguido de el Puñal del Godo y poesías escogidas | ||
| 250 | _a1 ed. | ||
| 260 |
_aBuenos Aires : _bEditorial Sopena, _cc1938 |
||
| 300 | _a190 p | ||
| 500 | _aPoesías | ||
| 650 |
_apoesías _916354 |
||
| 942 | _cBK | ||
| 999 |
_c23243 _d23243 |
||